Safety Manual (Record no. 245955)
[ view plain ]
| 000 -LEADER | |
|---|---|
| fixed length control field | 00472nam a2200181Ia 4500 |
| 008 - FIXED-LENGTH DATA ELEMENTS--GENERAL INFORMATION | |
| fixed length control field | 240913s9999||||xx |||||||||||||| ||und|| |
| 082 ## - DEWEY DECIMAL CLASSIFICATION NUMBER | |
| -- | 623.888 P0 |
| 100 ## - MAIN ENTRY--PERSONAL NAME | |
| Personal name | EDEL Engineering Consultancy Private Limited |
| 245 #0 - TITLE STATEMENT | |
| Title | Safety Manual |
| 250 ## - EDITION STATEMENT | |
| Edition statement | 1st |
| 260 ## - PUBLICATION, DISTRIBUTION, ETC. (IMPRINT) | |
| Date of publication, distribution, etc | 2000 |
| Name of publisher, distributor, etc | EDEL Engineering Consultancy Private Li |
| 500 ## - GENERAL NOTE | |
| General note | REFERENCE |
| 650 ## - SUBJECT ADDED ENTRY--TOPICAL TERM | |
| Topical term or geographic name as entry element | Safety Manual |
| 942 ## - ADDED ENTRY ELEMENTS (KOHA) | |
| Item type | Reference |
| Withdrawn status | Lost status | Damaged status | Permanent location | Current location | Shelving location | Date acquired | Source of acquisition | Cost, normal purchase price | Full call number | Barcode | Date last seen | Koha item type |
|---|---|---|---|---|---|---|---|---|---|---|---|---|
| CENTRAL LIBRARY, NOORUL ISLAM CENTRE FOR HIGHER EDUCATION | CENTRAL LIBRARY, NOORUL ISLAM CENTRE FOR HIGHER EDUCATION | 05/25/2010 | English Book Store New Delhi | 930.00 | 623.888 P0 | 37578 | 09/13/2024 | Reference |
